James / (Record no. 9906)

MARC details
000 -LEADER
fixed length control field 01605cam a2200289 a 4500
001 - CONTROL NUMBER
control field 14631014
003 - CONTROL NUMBER IDENTIFIER
control field GBCCL
005 - DATE AND TIME OF LATEST TRANSACTION
control field 20241126110721.0
008 - FIXED-LENGTH DATA ELEMENTS--GENERAL INFORMATION
fixed length control field 061113s2007 nju 001 0 eng
010 ## -
-- 2006037778
020 ## - INTERNATIONAL STANDARD BOOK NUMBER
International Standard Book Number 9780875527857 (cloth)
040 ## - CATALOGING SOURCE
Original cataloging agency DLC
Transcribing agency DLC
Modifying agency DLC
050 00 -
-- BS2785.53
-- .D67 2007
082 00 - DEWEY DECIMAL CLASSIFICATION NUMBER
Classification number 220.77
-- 227/.91077
Edition information 22
Item number REF
100 1# - MAIN ENTRY--PERSONAL NAME
Personal name Doriani, Daniel M.,
Dates associated with a name 1953-
9 (RLIN) 17224
245 10 - TITLE STATEMENT
Title James /
Statement of responsibility, etc. Daniel M. Doriani.
260 ## - PUBLICATION, DISTRIBUTION, ETC.
Place of publication, distribution, etc. Phillipsburg, N.J. :
Name of publisher, distributor, etc. P & R Pub.,
Date of publication, distribution, etc. c2007.
300 ## - PHYSICAL DESCRIPTION
Extent xv, 220 p.
Dimensions 23 cm.
490 0# - SERIES STATEMENT
Series statement Reformed expository commentary
500 ## - GENERAL NOTE
General note Includes indexes.
505 0# - FORMATTED CONTENTS NOTE
Formatted contents note Series introduction -- Preface -- Introduction to James (1:1) 3 -- The trials of life (1:2/12) -- Blessed endurance (1:12/18) -- Hearing to obey (1:19/25) -- The tests of true religion (1:26/2:7) -- All or nothing (2:8/13) -- Faith that works (2:14/19) -- Justified by a faith that works (2:20/26) -- Who can tame the tongue? (3:1/12) -- Two kinds of wisdom (3:13/18) -- The Gospel according to James (4:1/6) -- Grace for the humble (4:5/10) -- Pride and humility (4:11/17) -- Woe to the rich (5:1/6) -- Patient endurance (5:7/11) -- Note on James 5:12 -- The quest for healing (5:13/20).
630 00 - SUBJECT ADDED ENTRY--UNIFORM TITLE
Uniform title Bible.
Name of part/section of a work James
Form subdivision Commentaries.
9 (RLIN) 12474
856 41 - ELECTRONIC LOCATION AND ACCESS
Materials specified Table of contents only
Uniform Resource Identifier <a href="http://www.loc.gov/catdir/toc/ecip075/2006037778.html">http://www.loc.gov/catdir/toc/ecip075/2006037778.html</a>
906 ## - LOCAL DATA ELEMENT F, LDF (RLIN)
a 7
b cbc
c orignew
d 1
e ecip
f 20
g y-gencatlg
942 ## - ADDED ENTRY ELEMENTS (KOHA)
Source of classification or shelving scheme Dewey Decimal Classification
Koha item type Reference Books
Holdings
Withdrawn status Lost status Source of classification or shelving scheme Damaged status Not for loan Home library Current Library Shelving location Date acquired Total checkouts Full call number Barcode Date last seen Copy number Price effective from Koha item type
    Dewey Decimal Classification     GRACE BIBLE COLLEGE GRACE BIBLE COLLEGE Commentary 2023-09-12   220.77 REF 020499 2025-05-01 c.1 2023-09-12 Reference Books
© Grace Bible College Library 2025